Pays sans les lettres de "INDONÉSIE" - Statistiques

Statistiques générales
  • Ce quiz a été pris 12 fois
    3 depuis la dernière actualisation
  • Le résultat moyen est 3 sur 5
Statistiques - réponses
Continents Pays % Correct
Océanie Tuvalu
100%
Amérique du Nord Cuba
67%
Amérique du Sud Paraguay
67%
Amérique du Sud Uruguay
67%
Asie Qatar
33%
Aucun quiz correspondant
Distribution des résultats
% des personnes avec chaque résultat
Percentile par nombre de réponses
Votre historique - résultats
Vous n’avez pas pris ce quiz depuis la dernière actualisation